Allgemeinwissen schwer #6 - Statistiken

Allgemein
  • Dieses Quiz wurde 356 mal gespielt
  • Das Durchschnittsergebnis liegt bei 2 aus 20
Antwortstatistiken
Hint Antwort % Korrekt
Welcher Zwergplanet, benannt nach der griechischen Göttin der Zwietracht, hat eine größere Masse als Pluto? Eris
38%
Menschen aus welchem Land haben die höchste Lebenserwartung? Monaco
24%
Was war das größte Tier, das auf dem amerikanischen Kontinent domestiziert wurde? Lama
19%
Welche Einheit einer Armee ist normalerweise etwa 20.000 Soldaten groß? Division
16%
Wer unterzeichnete die Emanzipationsproklamation? Abraham Lincoln
14%
Welcher Stoff hat seinen Namen von der Stadt Nîmes in Frankreich? Denim
13%
Welche Stadt wurde nach den Plänen von Pierre Charles L'Enfant aus dem Jahr 1791 gebaut? Washington D.C.
13%
Wofür steht die Abkürzung DNS in DNS-Server? Domain Name System
12%
Welche Seeschlacht wird als Wendepunkt des Pazifikkrieges angesehen? Schlacht um Midway
9%
Wie werden die Ureinwohner der Osterinsel genannt? Rapa Nui
8%
Wer ist der Weltrekordhalter im 100m- und 200m-Sprint der Frauen? Florence Griffith-Joyner
6%
Wer war der 15. Präsident der USA? James Buchanan
6%
Und im welchem Jahr wurde es bewiesen? 1844
3%
Wer ist der Direktor des MI6? Richard Moore
3%
Welche Zahl kommt bei der Folge 2,7;18;28;18;28;45 als nächstes? 90
2%
Entschlüssele diese Nachricht: 44696573 65204E61 63687269 63687420 69737420 47656865 696D2121 Diese Nachricht ist Geheim!!
1%
Wer bewieß als Erster die Existenz transzendenter Zahlen? Joseph Liouville
1%
Wofür steht MI6? Military Intelligence, Section 6
1%
Was ergibt ((12^102024) mod 10)^3+7171? 7387
0%
Welcher 2004 verstorbene Komiker wurde "nicht respektiert"? Rodney Dangerfield
0%
Keine übereinstimmenden Quizze gefunden
Verteilung der Resultate
Anzahl Personen mit jedem Resultat
Perzentil nach korrekt beantworteten Fragen
Ihre Resultats-Entwicklung
Sie haben dieses Quiz noch nicht gespielt